15 Largest Cities in Kuwait🇰🇼 - Statistics

General Stats
  • This quiz has been taken 20 times
  • The average score is 4 of 15
Answer Stats
Population City % Correct
60k Kuwait City
71%
164k Hawalli
57%
637k Al Ahmadi
43%
24k Al Jahra
36%
86k Al Farwaniyah
29%
23k Al Fintas
29%
40k Salwa
29%
39k Al Manqaf
14%
30k Bayan
14%
68k Al Fahahil
7%
36k Ar Rabiyah
7%
52k Ar Riqqah
7%
58k Ar Rumaythiyah
7%
147k As Salimiyah
7%
139k Sabah as Salim
7%
No matching quizzes found
Score Distribution
Percent of People with Each Score
Percentile by Number Answered
Your Score History
You have not taken this quiz